Early delinquency in relation to broken homes

Saved in:  
Bibliographic Details
Main Author: Gibson, H.B. (Author)
Format: Electronic Article
Language:English
Published: 1969
In: The journal of child psychology and psychiatry
Year: 1969, Volume: 10, Issue: 3, Pages: 195-204
Online Access: Volltext (lizenzpflichtig)
Check availability: HBZ Gateway

MARC

LEADER 00000caa a22000002c 4500
001 1912525240
003 DE-627
005 20250129055015.0
007 cr uuu---uuuuu
008 241217s1969 xx |||||o 00| ||eng c
024 7 |a 10.1111/j.1469-7610.1969.tb02080.x  |2 doi 
035 |a (DE-627)1912525240 
035 |a (DE-599)KXP1912525240 
040 |a DE-627  |b ger  |c DE-627  |e rda 
041 |a eng 
084 |a 2,1  |2 ssgn 
100 1 |a Gibson, H.B.  |e VerfasserIn  |4 aut 
245 1 0 |a Early delinquency in relation to broken homes 
264 1 |c 1969 
336 |a Text  |b txt  |2 rdacontent 
337 |a Computermedien  |b c  |2 rdamedia 
338 |a Online-Ressource  |b cr  |2 rdacarrier 
773 0 8 |i Enthalten in  |t The journal of child psychology and psychiatry  |d Oxford : Wiley-Blackwell, 1960  |g 10(1969), 3, Seite 195-204  |h Online-Ressource  |w (DE-627)267467591  |w (DE-600)1470297-6  |w (DE-576)077087275  |x 1469-7610  |7 nnas 
773 1 8 |g volume:10  |g year:1969  |g number:3  |g pages:195-204 
787 0 8 |i Forschungsdaten  |a Farrington, David, 1944 - 2024  |t Cambridge Study in Delinquent Development (Great Britain), 1961-1981  |d [Erscheinungsort nicht ermittelbar] : [Verlag nicht ermittelbar], 1986  |w (DE-627)1840065613 
856 4 0 |u https://doi.org/10.1111/j.1469-7610.1969.tb02080.x  |x Resolving-System  |z lizenzpflichtig  |3 Volltext  |7 1 
935 |a mkri 
951 |a AR 
ELC |a 1 
LOK |0 000 xxxxxcx a22 zn 4500 
LOK |0 001 463749074X 
LOK |0 003 DE-627 
LOK |0 004 1912525240 
LOK |0 005 20241217044351 
LOK |0 008 241217||||||||||||||||ger||||||| 
LOK |0 035   |a (DE-2619)ICPSR105448 
LOK |0 040   |a DE-2619  |c DE-627  |d DE-2619 
LOK |0 092   |o n 
LOK |0 852   |a DE-2619 
LOK |0 852 1  |9 00 
LOK |0 935   |a nacp 
LOK |0 939   |a 17-12-24  |b l01 
ORI |a SA-MARC-krimdoka001.raw